| 000 | 00433nam a2200157Ia 4500 | ||
|---|---|---|---|
| 008 | 230312s9999||||xx |||||||||||||| ||und|| | ||
| 020 | _a0714843377 | ||
| 082 |
_a658.301 _bARD |
||
| 100 | _aPaul Arden | ||
| 245 | 0 | _aIt's not how Good you are , It's How Good You want to be . | |
| 260 |
_bPhaidon _aLondon _c2003 |
||
| 300 | _a127 | ||
| 546 | _aEng. | ||
| 650 |
_aManagement _vfundamentals , new business , final thoughts |
||
| 942 | _cBK | ||
| 999 |
_c653 _d653 |
||